Població de Catalunya : 1936 / Generalitat de Catalunya. Departament de Presidència 1936 / Generalitat de Catalunya. Departament de Presidència
Descripción Física:
164 p., [13] f., [22] gràf. pleg. ; 27'5 cm
Materias:
Catalunya -- Població
MARC
| LEADER | 00000nam a2200000Ia 4500 | ||
|---|---|---|---|
| 001 | 1121 | ||
| 008 | 160829s1937 xx 000 0 cat d | ||
| 080 | |a M-1-188 | ||
| 110 | |a Catalunya. |b Departament de la Presidència |9 10777 | ||
| 245 | |a Població de Catalunya : |b 1936 / Generalitat de Catalunya. Departament de Presidència | ||
| 260 | |a [Barcelona] : |b Servei Central d'Estadística, |c 1937 | ||
| 300 | |a 164 p., [13] f., [22] gràf. pleg. ; |c 27'5 cm | ||
| 650 | |a Catalunya |x Població |9 24320 | ||
| 901 | |a Arxiu | ||
| 942 | |n 1 | ||
| 952 | |0 0 |1 0 |4 0 |6 M1188 |7 1 |9 43083 |a Arxiu |b Arxiu |d 2016-12-01 |l 0 |o M-1-188 |p 1121 |r 2016-12-01 00:00:00 |w 2016-12-01 |y ARXIU | ||
| 999 | |c 45627 |d 45627 | ||